Formuła 1 - Rekordziści Liczby Startów - Statystyki

Ogólne statystyki
  • Ten quiz został rozwiązany 127 razy
  • Średni wynik to 4 z 12
Statystyki odpowiedzi
Lata Odpowiedź % Poprawnych
2022- Fernando Alonso
88%
1955-1959 Juan Manuel Fangio
73%
2020-2022 Kimi Raikkonen
59%
1952-1955 Giuseppe Farina
48%
2008-2020 Rubens Barrichello
41%
1969-1986 Graham Hill
29%
1967-1969 Jack Brabham
25%
1988-2008 Riccardo Patrese
11%
1986-1988 Jacques Laffite
1%
1959 Jean Behra
0%
1966-1967 Jo Bonnier
0%
1959-1966 Maurice Trintignant
0%
Nie znaleziono quizów pasujących do podanych kryteriów
Rozkład punktacji
Procent ludzi z każdym wynikiem
Percentyl według liczby udzielonych odpowiedzi
Twoja historia wyników
Nie rozwiązałeś tego quizu